Statistics for Physical Geography by Letter - B

Click here to take the quiz!

General Stats

  • This quiz has been taken 945 times
  • The average score is 10 of 19

Answer Stats

ClueAnswer% Correct
Between Russia and United States{Bering} Strait
94%
Between Scandinavia and EuropeBaltic Sea
87%
Danube and Dnieper flow into this seaBlack Sea
82%
Snow stormBlizzard
80%
Largest island in CanadaBaffin Island
72%
Sides of a riverBank
72%
What the Ganges flows intoBay of Bengal
64%
Majorca, Minorca, Ibiza, FormenteraBalearic Islands
61%
Separates the Gulf of California and the PacificBaja California peninsula
58%
Consists of shingle and sand on the coastlineBeach
55%
Contains 20% of freshwater in the WorldLake Baikal
55%
Famous Sydney landmark{Bondi} Beach
51%
Separates Asia and Europe at IstanbulBosphorus
51%
Sum of all the ecosystems on EarthBiosphere
43%
Area of land built up with peatBog
40%
Layer of underlying rockBedrock
37%
Long strip of sand, connect to mainland on both sidesBar
20%
Isolated hill with steep sidesButte
16%
Biome made of coniferous trees in Russia and CanadaBoreal Forest
13%

Score Distribution

Percentile by Number Answered

Percent of People with Each Score

Your Score History

You have not taken this quiz